| 000 | 00759nam0a22002651 4500 | ||
|---|---|---|---|
| 001 | RU\NLR\A1SV\100078 | ||
| 005 | 20251205085645.0 | ||
| 035 | _a(NLR Aleph) 009781431 | ||
| 090 |
_a10097311 _c10097311 |
||
| 100 | _a20091216d1926 u y0rusy50 ca | ||
| 101 | 0 | _arus | |
| 102 | _aRU | ||
| 200 | 1 |
_aОт челнока до парохода _e[Объясн. текст к диапозитивам] _fМастерская нагляд. пособий ПТО МОНО |
|
| 210 |
_aМ. _cМОНО _d1926 |
||
| 215 |
_a19 с. _d17 см |
||
| 620 | _dМосква | ||
| 801 | 0 |
_aRU _bNLR _c20091216 |
|
| 852 |
_aNLR _j90/916 |
||
| 899 | _aНГОУНБ | ||
| 899 | _aРГБ | ||
| 899 | _aКирОУНБ | ||
| 942 | _cBOOK | ||
| 980 | _aA1SV | ||
| 980 | _aNB | ||